000 00682nam a2200193Ii 4500
003 JO-AjNU
008 230605s9999||||xx |||||||||||||| ||und||
040 _aJO-AjNU
_bara
_erda
_cJO-AjNU
041 _aara
050 1 4 _aHA29.5.A7.H366.1984
100 3 _aالهانسي،مختار محمود/امتثال محمد حسن,
_eauthor
_915248
245 0 0 _aالاحصاء الاجتماعي
264 3 1 _aالاسكندرية:دار المطبوعات الجامعية،1980
300 _a313ص
_bجداول احصائية
336 _atext
_btxt
_2rdacontent
337 _aunmediated
_bn
_2rdamedia
338 _avolume
_bnc
_2rdacarrier
650 4 _aاحصاء اجتماعي
_915249
999 _aA4261
_c7829
_d7829